[Event "Monarch Assurance Isle of Man 13th"]
[Site "Port Erin IOM"]
[Date "2004.10.03"]
[Round "9.10"]
[White "Volkov, Sergey1"]
[Black "Ramesh, R.B."]
[Result "0-1"]
[WhiteElo "2625"]
[BlackElo "2484"]
[PlyCount "82"]
[EventDate "2004.09.25"]
[EventType "swiss"]
[EventRounds "9"]
[EventCountry "IOM"]
[SourceTitle "BritBase"]
[SourceDate "2008.07.14"]
[SourceVersion "1"]
[SourceVersionDate "2008.07.14"]
[SourceQuality "2"]

1. d4 d5 2. c4 c6 3. Nf3 Nf6 4. e3 Bf5 5. Nc3 e6 6. Nh4 Bg6 7. Qb3 Qc7 8. Nxg6
hxg6 9. g3 Nbd7 10. Bg2 Be7 11. O-O dxc4 12. Qxc4 e5 13. dxe5 Nxe5 14. Qe2 g5
15. f4 gxf4 16. exf4 Neg4 17. h3 Qb6+ 18. Kh1 Kf8 19. f5 Re8 20. Bf4 Bc5 21.
Qf3 Qxb2 22. Rab1 Nf2+ 23. Rxf2 Qxf2 24. Qxf2 Bxf2 25. Rxb7 Re1+ 26. Bf1 Bd4
27. Kg2 Bxc3 28. Bc4 Re4 29. Bb3 Be5 30. Rxf7+ Ke8 31. Rxa7 Rf8 32. Bg5 Bd4 33.
Ra4 Re2+ 34. Kh1 Be3 35. Bh4 Kd7 36. Be6+ Kc7 37. g4 Rd8 38. Bg3+ Kb6 39. Bb3
Rdd2 40. Rb4+ Ka5 41. Ra4+ Kb5 0-1

[Event "Monarch Assurance Isle of Man 13th"]
[Site "Port Erin IOM"]
[Date "2004.10.03"]
[Round "9.12"]
[White "Wells, Peter"]
[Black "McNab, Colin"]
[Result "1/2-1/2"]
[WhiteElo "2494"]
[BlackElo "2427"]
[PlyCount "21"]
[EventDate "2004.09.25"]
[EventType "swiss"]
[EventRounds "9"]
[EventCountry "IOM"]
[SourceTitle "BritBase"]
[SourceDate "2008.07.14"]
[SourceVersion "1"]
[SourceVersionDate "2008.07.14"]
[SourceQuality "2"]

1. d4 d6 2. e4 Nf6 3. Nc3 g6 4. f4 Bg7 5. Nf3 O-O 6. Bd3 Nc6 7. O-O e5 8. fxe5
dxe5 9. d5 Ne7 10. Qe1 c6 11. Bg5 1/2-1/2

[Event "Monarch Assurance Isle of Man 13th"]
[Site "Port Erin IOM"]
[Date "2004.10.03"]
[Round "9.16"]
[White "Sprenger, Jan Michael"]
[Black "Kolbus, Dietmar"]
[Result "1-0"]
[WhiteElo "2477"]
[BlackElo "2303"]
[PlyCount "23"]
[EventDate "2004.09.25"]
[EventType "swiss"]
[EventRounds "9"]
[EventCountry "IOM"]
[SourceTitle "BritBase"]
[SourceDate "2008.07.14"]
[SourceVersion "1"]
[SourceVersionDate "2008.07.14"]
[SourceQuality "2"]

1. e4 e5 2. Nf3 Nf6 3. d4 Nxe4 4. Bd3 d5 5. Nxe5 Bd6 6. O-O Bxe5 7. dxe5 Nc5 8.
Nc3 Nxd3 9. Qxd3 c6 10. Qg3 Kf8 11. Bg5 Qe8 12. Nxd5 1-0

[Event "Monarch Assurance Isle of Man 13th"]
[Site "Port Erin IOM"]
[Date "2004.10.03"]
[Round "9.18"]
[White "Afek, Yochanan"]
[Black "Arakhamia-Grant, Ketevan"]
[Result "0-1"]
[WhiteElo "2325"]
[BlackElo "2446"]
[PlyCount "86"]
[EventDate "2004.09.25"]
[EventType "swiss"]
[EventRounds "9"]
[EventCountry "IOM"]
[SourceTitle "BritBase"]
[SourceDate "2008.07.14"]
[SourceVersion "1"]
[SourceVersionDate "2008.07.14"]
[SourceQuality "2"]

1. e4 c5 2. Nf3 e6 3. c3 d5 4. exd5 Qxd5 5. d4 Nf6 6. Bd3 Nc6 7. O-O Be7 8. Be3
cxd4 9. cxd4 O-O 10. Nc3 Qd6 11. Rc1 Rd8 12. Bb1 Bd7 13. a3 Rac8 14. Qd3 g6 15.
Rfd1 Be8 16. Bg5 Nd5 17. Nxd5 Bxg5 18. Nxg5 Qxd5 19. Nf3 Ne7 20. Rc5 Qxc5 21.
dxc5 Rxd3 22. Bxd3 Rxc5 23. Be4 Bc6 24. Bxc6 Nxc6 25. h4 a5 26. Rd7 Rb5 27. Ng5
Ne5 28. Rd8+ Kg7 29. f4 h6 30. Nxe6+ fxe6 31. fxe5 Rxb2 32. Rd7+ Kf8 33. Rd8+
Ke7 34. Rh8 h5 35. a4 Rb4 36. Rb8 Kd7 37. g3 Kc6 38. Rd8 Rxa4 39. Rd6+ Kc5 40.
Rxe6 Rg4 41. Kf2 a4 42. Re7 Rb4 43. Ke3 Kd5 0-1

[Event "Monarch Assurance Isle of Man 13th"]
[Site "Port Erin IOM"]
[Date "2004.10.03"]
[Round "9.19"]
[White "Sarakauskas, Gedi"]
[Black "Howell, David W"]
[Result "0-1"]
[WhiteElo "2442"]
[BlackElo "2334"]
[PlyCount "50"]
[EventDate "2004.09.25"]
[EventType "swiss"]
[EventRounds "9"]
[EventCountry "IOM"]
[SourceTitle "BritBase"]
[SourceDate "2008.07.14"]
[SourceVersion "1"]
[SourceVersionDate "2008.07.14"]
[SourceQuality "2"]

1. Nc3 Nf6 2. e4 e5 3. Nf3 Nc6 4. Bc4 Bc5 5. d3 d6 6. Na4 a6 7. Nxc5 dxc5 8.
Bg5 h6 9. Be3 Qd6 10. a3 Nd4 11. h3 Be6 12. Bxe6 Qxe6 13. Nd2 O-O-O 14. b4 Qc6
15. Bxd4 cxd4 16. O-O g5 17. Nc4 Qe6 18. a4 Nxe4 19. Qe2 Nc3 20. Qxe5 Ne2+ 21.
Kh2 Rhe8 22. Qc5 b6 23. Nxb6+ Qxb6 24. Qf5+ Qe6 25. Qf3 Qd5 0-1

[Event "Monarch Assurance Isle of Man 13th"]
[Site "Port Erin IOM"]
[Date "2004.10.03"]
[Round "9.20"]
[White "Li Ruofan"]
[Black "Ashton, Adam"]
[Result "1/2-1/2"]
[WhiteElo "2414"]
[BlackElo "2270"]
[PlyCount "118"]
[EventDate "2004.09.25"]
[EventType "swiss"]
[EventRounds "9"]
[EventCountry "IOM"]
[SourceTitle "BritBase"]
[SourceDate "2008.07.14"]
[SourceVersion "1"]
[SourceVersionDate "2008.07.14"]
[SourceQuality "2"]

1. e4 e5 2. Nf3 Nc6 3. Bb5 a6 4. Ba4 Nf6 5. d3 b5 6. Bb3 Be7 7. a4 Bb7 8. O-O
O-O 9. Re1 Re8 10. Nc3 b4 11. Nd5 Na5 12. Nxe7+ Qxe7 13. Ba2 d5 14. exd5 Qd6
15. c4 bxc3 16. bxc3 Bxd5 17. Bg5 Bxa2 18. Rxa2 Nd5 19. Rc2 f6 20. Bc1 Qc6 21.
c4 Nb6 22. Bd2 Nb3 23. a5 Nxd2 24. Rxd2 Nd7 25. Rde2 Red8 26. d4 Qxc4 27. dxe5
Nxe5 28. Nxe5 fxe5 29. Qa1 Rd5 30. Rxe5 Rxe5 31. Qxe5 Rf8 32. h3 h6 33. Re3
Qc1+ 34. Kh2 Qc4 35. Rg3 Rf7 36. Rg4 Qc6 37. f4 Qd6 38. Qxd6 cxd6 39. Rg6 Rf5
40. Rxd6 Rxa5 41. Kg3 Ra2 42. Kf3 Kf7 43. g3 Ra5 44. Kg4 h5+ 45. Kh4 g6 46. Rb6
Kg7 47. g4 hxg4 48. hxg4 Kf7 49. Rb7+ Kg8 50. Rc7 Kf8 51. Ra7 Kg8 52. f5 gxf5
53. g5 Rb5 54. Kh5 Rb8 55. Kh6 f4 56. Rg7+ Kh8 57. Rh7+ Kg8 58. Rg7+ Kh8 59.
Rh7+ Kg8 1/2-1/2

[Event "Monarch Assurance Isle of Man 13th"]
[Site "Port Erin IOM"]
[Date "2004.10.03"]
[Round "9.22"]
[White "Hutchinson, Paul A"]
[Black "Berzinsh, Roland"]
[Result "0-1"]
[WhiteElo "2216"]
[BlackElo "2455"]
[PlyCount "94"]
[EventDate "2004.09.25"]
[EventType "swiss"]
[EventRounds "9"]
[EventCountry "IOM"]
[SourceTitle "BritBase"]
[SourceDate "2008.07.14"]
[SourceVersion "1"]
[SourceVersionDate "2008.07.14"]
[SourceQuality "2"]

1. e4 e5 2. f4 d5 3. exd5 exf4 4. Nf3 Nf6 5. Bc4 Nxd5 6. Bxd5 Qxd5 7. O-O Be6
8. d4 Qf5 9. Ne5 g5 10. Re1 Nc6 11. Nxc6 bxc6 12. Bd2 Qd5 13. Bc3 Bg7 14. Nd2
Bxd4+ 15. Kh1 O-O-O 16. Qe2 Qb5 17. Bxd4 Qxe2 18. Rxe2 Rxd4 19. Nf3 Rd5 20. c4
Rc5 21. b3 Bg4 22. Re5 Rxe5 23. Nxe5 Bh5 24. Nxc6 Kb7 25. Na5+ Kb6 26. b4 Re8
27. Nb3 f3 28. Rf1 f2 29. g4 Bxg4 30. Kg2 Re3 31. Kxf2 Re2+ 32. Kg3 f5 33. c5+
Kb7 34. Na5+ Ka6 35. h3 Re3+ 36. Kf2 Rf3+ 37. Ke2 Rxf1+ 38. Kxf1 Bxh3+ 39. Kf2
Kb5 40. a3 f4 41. Kf3 Be6 42. Ke4 h5 43. Nb7 Bc4 44. Nd8 h4 45. a4+ Kxa4 46.
Nc6 h3 47. Ne5 h2 0-1

[Event "Monarch Assurance Isle of Man 13th"]
[Site "Port Erin IOM"]
[Date "2004.10.03"]
[Round "9.24"]
[White "Rendle, Thomas"]
[Black "Pert, Richard"]
[Result "1/2-1/2"]
[WhiteElo "2258"]
[BlackElo "2407"]
[PlyCount "34"]
[EventDate "2004.09.25"]
[EventType "swiss"]
[EventRounds "9"]
[EventCountry "IOM"]
[SourceTitle "BritBase"]
[SourceDate "2008.07.14"]
[SourceVersion "1"]
[SourceVersionDate "2008.07.14"]
[SourceQuality "2"]

1. e4 c6 2. d4 d5 3. e5 c5 4. dxc5 Nc6 5. Bb5 {(=)} e6 6. Be3 Nge7 7. c3 Bd7 8.
Bxc6 Nxc6 9. Nf3 Qc7 10. Bd4 Nxd4 11. cxd4 b6 12. cxb6 Qxb6 13. Qb3 Qa6 14. Nc3
Be7 15. Ng1 O-O 16. Nge2 Rab8 17. Qc2 Bb5 1/2-1/2

[Event "Monarch Assurance Isle of Man 13th"]
[Site "Port Erin IOM"]
[Date "2004.10.03"]
[Round "9.25"]
[White "Goodger, Martyn"]
[Black "Armbruster, Alexander"]
[Result "0-1"]
[WhiteElo "2136"]
[BlackElo "2351"]
[PlyCount "80"]
[EventDate "2004.09.25"]
[EventType "swiss"]
[EventRounds "9"]
[EventCountry "IOM"]
[SourceTitle "BritBase"]
[SourceDate "2008.07.14"]
[SourceVersion "1"]
[SourceVersionDate "2008.07.14"]
[SourceQuality "2"]

1. e4 d6 2. d4 g6 3. Nc3 Nf6 4. f4 Bg7 5. Nf3 c5 6. dxc5 Qa5 7. Bd3 Qxc5 8. Qe2
Bg4 9. Be3 Qa5 10. O-O Nc6 11. h3 Bxf3 12. Qxf3 O-O 13. Rab1 Nd7 14. Bd2 Rac8
15. a3 e6 16. Kh1 Nd4 17. Qg3 Qh5 18. Qe3 Nb6 19. g4 Qh4 20. Be1 Qd8 21. f5 Nc4
22. Qf4 g5 23. Qf2 Bf6 24. e5 dxe5 25. Ne4 exf5 26. gxf5 Kg7 27. Bb4 Rh8 28.
Rg1 h6 29. Rg2 Nb5 30. Rbg1 a5 31. Rxg5+ hxg5 32. Rxg5+ Bxg5 33. f6+ Bxf6 34.
Qg2+ Kh6 35. Ng3 Nbd6 36. Be1 Kg7 37. b3 Nb6 38. Bxa5 Kf8 39. Bb4 Be7 40. Ne2
Rg8 0-1

[Event "Monarch Assurance Isle of Man 13th"]
[Site "Port Erin IOM"]
[Date "2004.10.03"]
[Round "9.26"]
[White "Mannion, Stephen"]
[Black "McPhillips, Karl"]
[Result "1-0"]
[WhiteElo "2333"]
[BlackElo "2172"]
[PlyCount "79"]
[EventDate "2004.09.25"]
[EventType "swiss"]
[EventRounds "9"]
[EventCountry "IOM"]
[SourceTitle "BritBase"]
[SourceDate "2008.07.14"]
[SourceVersion "1"]
[SourceVersionDate "2008.07.14"]
[SourceQuality "2"]

1. e4 c5 2. c3 e5 3. Nf3 Nc6 4. Bc4 Qc7 5. O-O Be7 6. d3 Nf6 7. Nbd2 O-O 8. Re1
d6 9. Nf1 Be6 10. Bg5 Rad8 11. Qe2 h6 12. Bh4 Nh5 13. Ne3 Nf4 14. Qc2 Bxh4 15.
Nxh4 d5 16. exd5 Nxd5 17. Nxd5 Bxd5 18. Nf5 Bxc4 19. dxc4 Ne7 20. Nxe7+ Qxe7
21. f4 f6 22. Re4 Qd6 23. fxe5 fxe5 24. Rae1 Qd2 25. R4e2 Qxc2 26. Rxc2 Rf4 27.
g3 Rxc4 28. Rxe5 Rd3 29. Kf2 b6 30. Re7 Ra4 31. b3 Ra3 32. Rc7 Rd1 33. Re2 Ra1
34. Ree7 R3xa2+ 35. Kf3 Rf1+ 36. Kg4 Raf2 37. Rxg7+ Kf8 38. Rxa7 Re1 39. Rh7
h5+ 40. Rxh5 1-0

[Event "Monarch Assurance Isle of Man 13th"]
[Site "Port Erin IOM"]
[Date "2004.10.03"]
[Round "9.29"]
[White "Grant, Alan"]
[Black "Dunn, Andrew"]
[Result "1/2-1/2"]
[WhiteElo "2193"]
[BlackElo "2192"]
[PlyCount "37"]
[EventDate "2004.09.25"]
[EventType "swiss"]
[EventRounds "9"]
[EventCountry "IOM"]
[SourceTitle "BritBase"]
[SourceDate "2008.07.14"]
[SourceVersion "1"]
[SourceVersionDate "2008.07.14"]
[SourceQuality "2"]

1. e3 d5 2. f4 g6 3. Nf3 Bg7 4. Be2 c5 5. O-O Nc6 6. Kh1 Nf6 7. d3 O-O 8. Ne5
Nxe5 9. fxe5 Nd7 10. d4 e6 11. c4 dxc4 12. Nc3 a6 13. a4 f6 14. exf6 Rxf6 15.
dxc5 Rxf1+ 16. Bxf1 Qe7 17. Bxc4 Nxc5 18. Bd2 Bd7 19. a5 1/2-1/2

[Event "Monarch Assurance Isle of Man 13th"]
[Site "Port Erin IOM"]
[Date "2004.10.03"]
[Round "9.31"]
[White "Jonkman, Harmen"]
[Black "Lutton, J.Ezra"]
[Result "1-0"]
[WhiteElo "2425"]
[BlackElo "2134"]
[PlyCount "49"]
[EventDate "2004.09.25"]
[EventType "swiss"]
[EventRounds "9"]
[EventCountry "IOM"]
[SourceTitle "BritBase"]
[SourceDate "2008.07.14"]
[SourceVersion "1"]
[SourceVersionDate "2008.07.14"]
[SourceQuality "2"]

1. e4 Nc6 2. Nf3 f5 3. exf5 d5 4. Bb5 Bxf5 5. Ne5 Qd6 6. d4 Nf6 7. O-O Nd7 8.
Bxc6 bxc6 9. Bf4 c5 10. Nc3 c6 11. Re1 Nxe5 12. Bxe5 Qg6 13. dxc5 Bxc2 14. Qd4
e6 15. Re3 Qf7 16. Rae1 O-O-O 17. Rc1 Bf5 18. Qa4 Qb7 19. Ne2 Kd7 20. g4 Bg6
21. Nd4 Re8 22. Rb3 Qa8 23. Qa6 Rc8 24. Rb7+ Ke8 25. Rxa7 1-0

[Event "Monarch Assurance Isle of Man 13th"]
[Site "Port Erin IOM"]
[Date "2004.10.03"]
[Round "9.33"]
[White "Milligan, Helen"]
[Black "Zawadzka, Jolanta"]
[Result "0-1"]
[WhiteElo "2077"]
[BlackElo "2272"]
[PlyCount "118"]
[EventDate "2004.09.25"]
[EventType "swiss"]
[EventRounds "9"]
[EventCountry "IOM"]
[SourceTitle "BritBase"]
[SourceDate "2008.07.14"]
[SourceVersion "1"]
[SourceVersionDate "2008.07.14"]
[SourceQuality "2"]

1. e4 e5 2. Nf3 Nc6 3. d4 exd4 4. Nxd4 Bc5 5. Nxc6 Qf6 6. Qd2 dxc6 7. Nc3 Qe7
8. Qg5 Nf6 9. Be3 Bxe3 10. Qxe3 O-O 11. Be2 Re8 12. O-O-O b5 13. Bf3 Nd7 14. e5
Nxe5 15. Rhe1 Bb7 16. Ne4 c5 17. Nxc5 Bxf3 18. gxf3 Qf8 19. Ne4 Nc4 20. Qc3 f5
21. Nd2 Rxe1 22. Rxe1 Nxd2 23. Qxd2 Qf7 24. b3 a6 25. Qd4 h6 26. Kb1 Kh7 27.
Re5 Qf6 28. f4 Rd8 29. Qc5 Rd1+ 30. Kb2 Rd7 31. Ka3 Rf7 32. Qd5 c6 33. Qc5 a5
34. c4 Rb7 35. cxb5 cxb5 36. Qd5 Rb6 37. Qd3 b4+ 38. Kb2 Kg6 39. Qg3+ Kh7 40.
Qd3 Re6 41. Qxf5+ Qxf5 42. Rxf5 Re2+ 43. Kb1 Rxf2 44. h4 g6 45. Rxa5 Rxf4 46.
h5 gxh5 47. Rxh5 Kg6 48. Rh2 h5 49. Kb2 Kg5 50. a3 h4 51. axb4 Kg4 52. Rg2+ Kf3
53. Rg8 Rxb4 54. Kc3 Rg4 55. Rf8+ Kg2 56. Kd3 h3 57. Ke2 h2 58. Rf2+ Kh3 59.
Rf3+ Rg3 0-1

[Event "Monarch Assurance Isle of Man 13th"]
[Site "Port Erin IOM"]
[Date "2004.10.03"]
[Round "9.35"]
[White "Spence, David J"]
[Black "Fraser-Mitchell, Jeremy"]
[Result "1/2-1/2"]
[WhiteElo "2236"]
[BlackElo "2082"]
[PlyCount "114"]
[EventDate "2004.09.25"]
[EventType "swiss"]
[EventRounds "9"]
[EventCountry "IOM"]
[SourceTitle "BritBase"]
[SourceDate "2008.07.14"]
[SourceVersion "1"]
[SourceVersionDate "2008.07.14"]
[SourceQuality "2"]

1. d4 d5 2. Nf3 Nf6 3. e3 Bf5 4. c4 e6 5. Qb3 Qc8 6. Nc3 c6 7. Nh4 Bg6 8. Nxg6
hxg6 9. Bd2 Be7 10. Be2 Nbd7 11. h3 O-O 12. cxd5 exd5 13. O-O Re8 14. Rac1 Nf8
15. Bd3 Ne6 16. Qd1 Qd7 17. a3 Bd6 18. f4 Bc7 19. Qf3 Ne4 20. Bxe4 dxe4 21. Qf2
f5 22. Rfd1 Bb6 23. Na4 Nc7 24. Qe2 Nd5 25. Kh2 Rad8 26. Rg1 Nf6 27. Be1 Kf7
28. Bh4 Rh8 29. Bxf6 gxf6 30. Rgd1 Qe6 31. Rd2 g5 32. g3 Rh7 33. Rcd1 Rdh8 34.
Qg2 Qb3 35. Nc3 Rxh3+ 36. Qxh3 Rxh3+ 37. Kxh3 g4+ 38. Kg2 Ba5 39. Rc1 Kg6 40.
Kf2 Qg8 41. b4 Qh7 42. Rg1 Bb6 43. Rdd1 Qh2+ 44. Rg2 Qh3 45. a4 Bc7 46. d5 cxd5
47. Nxd5 Bd6 48. b5 b6 49. Nxb6 Bxf4 50. exf4 e3+ 51. Kg1 axb6 52. a5 bxa5 53.
b6 Qh7 54. Rb1 Qb7 55. Kh2 Qh7+ 56. Kg1 Qb7 57. Kh2 Qh7+ 1/2-1/2

[Event "Monarch Assurance Isle of Man 13th"]
[Site "Port Erin IOM"]
[Date "2004.10.03"]
[Round "9.36"]
[White "Twitchell, Neville"]
[Black "Walton, Alan J"]
[Result "0-1"]
[WhiteElo "2003"]
[BlackElo "2208"]
[PlyCount "59"]
[EventDate "2004.09.25"]
[EventType "swiss"]
[EventRounds "9"]
[EventCountry "IOM"]
[SourceTitle "BritBase"]
[SourceDate "2008.07.14"]
[SourceVersion "1"]
[SourceVersionDate "2008.07.14"]
[SourceQuality "2"]

1. e4 e6 2. d4 d5 3. Nc3 Nf6 4. Bg5 Be7 5. e5 Nfd7 6. h4 c5 7. Nb5 f6 8. Bf4
O-O 9. exf6 Nxf6 10. Nc7 Ne4 11. Nxa8 Rxf4 12. Nh3 Rxh4 13. Bd3 cxd4 14. a3 Nc6
15. g3 Rh6 16. Qf3 Qa5+ 17. Ke2 Ne5 18. b4 Qd8 19. Qf4 Nc3+ 20. Kf1 Nxd3 21.
cxd3 e5 22. Qxe5 Bf6 23. Qf4 Bxh3+ 24. Rxh3 Rxh3 25. Kg2 Rh5 26. Nc7 Re5 27.
Qxd4 Qxc7 28. Rc1 Re8 29. Qxa7 d4 30. Rh1 {time} 0-1

[Event "Monarch Assurance Isle of Man 13th"]
[Site "Port Erin IOM"]
[Date "2004.10.03"]
[Round "9.37"]
[White "Plant, Paul R"]
[Black "Pym, Thomas"]
[Result "1-0"]
[WhiteElo "2107"]
[BlackElo "2059"]
[PlyCount "105"]
[EventDate "2004.09.25"]
[EventType "swiss"]
[EventRounds "9"]
[EventCountry "IOM"]
[SourceTitle "BritBase"]
[SourceDate "2008.07.14"]
[SourceVersion "1"]
[SourceVersionDate "2008.07.14"]
[SourceQuality "2"]

1. d4 Nf6 2. Nf3 c5 3. d5 d6 4. Nc3 Na6 5. e4 Nc7 6. a4 a6 7. Be2 g6 8. O-O Bg7
9. Bf4 O-O 10. Re1 Rb8 11. a5 b6 12. axb6 Rxb6 13. Ra2 Rb4 14. Qd3 Bb7 15. Qe3
Bxd5 16. exd5 Nfxd5 17. Nxd5 Nxd5 18. Qd2 Nxf4 19. Bxa6 Qd7 20. Bf1 Qb7 21. c3
Re4 22. Rxe4 Qxe4 23. Qe3 Qxe3 24. fxe3 Ne6 25. Bc4 Nc7 26. Ra7 Rc8 27. b4 Kf8
28. b5 Na8 29. Ng5 h6 30. Nxf7 Rb8 31. Nxd6 Nb6 32. Be6 Bxc3 33. Nc4 Nxc4 {(=)}
34. Bxc4 Be5 35. h3 Bd6 36. Kf2 Kg7 37. Kf3 Kf6 38. Ke4 g5 39. Kd5 Kf5 40. Bd3+
Kf6 41. Bc4 Rb6 42. Be2 Kf5 43. Bg4+ Kf6 44. Bd7 Rb8 45. Ra1 Kg6 46. e4 Rd8 47.
Kc6 Kf6 48. b6 Ke5 49. Ra4 Rb8 50. b7 h5 51. Bc8 h4 52. Rc4 Kf4 53. Kd5 1-0

[Event "Monarch Assurance Isle of Man 13th"]
[Site "Port Erin IOM"]
[Date "2004.10.03"]
[Round "9.38"]
[White "Smith, Andrew P"]
[Black "Fairbairn, Stephen"]
[Result "1-0"]
[WhiteElo "2205"]
[BlackElo "2057"]
[PlyCount "45"]
[EventDate "2004.09.25"]
[EventType "swiss"]
[EventRounds "9"]
[EventCountry "IOM"]
[SourceTitle "BritBase"]
[SourceDate "2008.07.14"]
[SourceVersion "1"]
[SourceVersionDate "2008.07.14"]
[SourceQuality "2"]

1. e4 c6 2. d4 d5 3. e5 Bf5 4. c4 e6 5. Nc3 dxc4 6. Bxc4 Nd7 7. Nge2 Nb6 8. Bb3
Qd7 9. O-O Ne7 10. Be3 Ned5 11. Qd2 Be7 12. Rad1 O-O 13. Ng3 Bg6 14. Nce4 Bxe4
15. Nxe4 Rfd8 16. Bg5 Bxg5 17. Qxg5 Qe7 18. Qg4 Rd7 19. Rd3 Rad8 20. Rh3 Qf8
21. Ng5 h6 22. Rxh6 Nf4 23. Rh8+ 1-0

[Event "Monarch Assurance Isle of Man 13th"]
[Site "Port Erin IOM"]
[Date "2004.10.03"]
[Round "9.39"]
[White "Adams, Phil"]
[Black "Bennion, David A"]
[Result "0-1"]
[WhiteElo "2124"]
[BlackElo "2052"]
[PlyCount "70"]
[EventDate "2004.09.25"]
[EventType "swiss"]
[EventRounds "9"]
[EventCountry "IOM"]
[SourceTitle "BritBase"]
[SourceDate "2008.07.14"]
[SourceVersion "1"]
[SourceVersionDate "2008.07.14"]
[SourceQuality "2"]

1. e4 e6 2. Nc3 d5 3. d4 Bb4 4. e5 c5 5. dxc5 Bxc3+ 6. bxc3 Qa5 7. Nf3 Qxc3+ 8.
Bd2 Qxc5 9. Bd3 Nc6 10. O-O Nge7 11. Re1 Ng6 12. Qe2 O-O 13. Rac1 Nb4 14. h4
Nxa2 15. h5 Nxc1 16. Rxc1 Ne7 17. h6 g6 18. c4 Qa3 19. Rb1 dxc4 20. Bxc4 a5 21.
Bc1 Qc3 22. Bb2 Qb4 23. Qd3 b5 24. Bxb5 Nd5 25. Bd4 Qe7 26. Rc1 Bb7 27. Bc5 Qc7
28. Ba3 Qb8 29. Bd6 Qd8 30. Qd2 Qb6 31. Bc4 Rfc8 32. Bxd5 Rxc1+ 33. Qxc1 Bxd5
34. Kh2 Qxf2 35. Bc5 Rc8 0-1

[Event "Monarch Assurance Isle of Man 13th"]
[Site "Port Erin IOM"]
[Date "2004.10.03"]
[Round "9.40"]
[White "Spanton, Tim"]
[Black "Noordhoek, Henk"]
[Result "0-1"]
[WhiteElo "2004"]
[BlackElo "2095"]
[PlyCount "122"]
[EventDate "2004.09.25"]
[EventType "swiss"]
[EventRounds "9"]
[EventCountry "IOM"]
[SourceTitle "BritBase"]
[SourceDate "2008.07.14"]
[SourceVersion "1"]
[SourceVersionDate "2008.07.14"]
[SourceQuality "2"]

1. g3 Nf6 2. Bg2 g6 3. c4 Bg7 4. Nc3 c6 5. e4 d6 6. Nge2 O-O 7. O-O Be6 8. d3
Na6 9. Be3 Qc8 10. Qd2 Rd8 11. Rac1 Bh3 12. f3 Bxg2 13. Kxg2 Qd7 14. Bh6 Nc7
15. Bxg7 Kxg7 16. d4 e6 17. h4 h5 18. Rfd1 Qe7 19. Qg5 Ng8 20. Qe3 d5 21. cxd5
exd5 22. e5 Ne6 23. Nf4 Nh6 24. Nxe6+ Qxe6 25. Na4 Nf5 26. Qf2 Qe7 27. Nc5 Rac8
28. Re1 Kh7 29. Kh3 Ng7 30. Rc3 Ne6 31. Nxe6 Qxe6+ 32. Kh2 Re8 33. f4 Qf5 34.
b4 a6 35. a4 Kg7 36. Qc2 Qxc2+ 37. Rxc2 Kf8 38. Rec1 Ke7 39. b5 axb5 40. axb5
Kd7 41. bxc6+ bxc6 42. Kh3 Rc7 43. g4 Ra8 44. gxh5 gxh5 45. Rg1 Ra3+ 46. Rg3
Rca7 47. f5 Rxg3+ 48. Kxg3 Ra3+ 49. Kf4 Rd3 50. e6+ fxe6 51. fxe6+ Kd6 52. Kg5
Rxd4 53. Re2 Ke7 54. Kxh5 c5 55. Kg5 c4 56. h5 Rd3 57. Kf4 Rh3 58. Re5 d4 59.
Rc5 d3 60. Kg4 d2 61. Rd5 Rd3 0-1

[Event "Monarch Assurance Isle of Man 13th"]
[Site "Port Erin IOM"]
[Date "2004.10.03"]
[Round "9.41"]
[White "Horton, Justin"]
[Black "Murtagh, Dermot"]
[Result "1-0"]
[WhiteElo "2091"]
[BlackElo "1889"]
[PlyCount "79"]
[EventDate "2004.09.25"]
[EventType "swiss"]
[EventRounds "9"]
[EventCountry "IOM"]
[SourceTitle "BritBase"]
[SourceDate "2008.07.14"]
[SourceVersion "1"]
[SourceVersionDate "2008.07.14"]
[SourceQuality "2"]

1. d4 g6 2. Nc3 d5 3. e4 dxe4 4. Nxe4 Bg7 5. Nf3 Nf6 6. Nxf6+ Bxf6 7. Bh6 c5 8.
Bb5+ Nd7 9. O-O Qb6 10. Qe2 a6 11. Ba4 Qc7 12. dxc5 Qxc5 13. Rad1 b5 14. Qe4
Rb8 15. Bb3 Qf5 16. Qxf5 gxf5 17. Bf4 Rb6 18. Nd4 Nc5 19. Bd5 Bg7 20. Bc6+ Rxc6
21. Nxc6 Ne6 22. Be5 f6 23. Bc3 Rg8 24. Rfe1 Kf7 25. b3 Bh6 26. Rxe6 Kxe6 27.
Nd8+ Rxd8 28. Rxd8 Bb7 29. Rh8 Be4 30. Rxh7 Bf4 31. Bb4 Bd6 32. Bxd6 Kxd6 33.
c3 Bb1 34. a3 Ba2 35. b4 Kd5 36. Rxe7 Kc4 37. Ra7 Kxc3 38. Rxa6 Kb3 39. h4 Bb1
40. h5 1-0

[Event "Monarch Assurance Isle of Man 13th"]
[Site "Port Erin IOM"]
[Date "2004.10.03"]
[Round "9.42"]
[White "Henrichsen, Jens"]
[Black "Gorka, Carl"]
[Result "0-1"]
[WhiteElo "2084"]
[BlackElo "1882"]
[PlyCount "66"]
[EventDate "2004.09.25"]
[EventType "swiss"]
[EventRounds "9"]
[EventCountry "IOM"]
[SourceTitle "BritBase"]
[SourceDate "2008.07.14"]
[SourceVersion "1"]
[SourceVersionDate "2008.07.14"]
[SourceQuality "2"]

1. d4 d5 2. c4 e6 3. Nf3 Nf6 4. g3 dxc4 5. Bg2 a6 6. O-O Nc6 7. Ne5 Nxe5 8.
dxe5 Qxd1 9. Rxd1 Ng4 10. h3 Nxe5 11. Bf4 Bd6 12. Na3 c3 13. bxc3 Rb8 14. c4 f6
15. c5 Bxc5 16. Bxe5 fxe5 17. Nc4 Bd7 18. Nxe5 Ba4 19. Rd3 Bb5 20. Rd2 O-O 21.
e3 Bd6 22. Nf3 Bc4 23. Ng5 b5 24. Rc1 h6 25. Ne4 Bb4 26. Rd7 Rf7 27. Rcd1 Rxd7
28. Rxd7 Bxa2 29. Rxc7 a5 30. g4 Bd5 31. h4 a4 32. g5 hxg5 33. hxg5 a3 0-1

[Event "Monarch Assurance Isle of Man 13th"]
[Site "Port Erin IOM"]
[Date "2004.10.03"]
[Round "9.44"]
[White "Collier, David"]
[Black "Nicholson, John"]
[Result "0-1"]
[WhiteElo "2168"]
[BlackElo "1834"]
[PlyCount "72"]
[EventDate "2004.09.25"]
[EventType "swiss"]
[EventRounds "9"]
[EventCountry "IOM"]
[SourceTitle "BritBase"]
[SourceDate "2008.07.14"]
[SourceVersion "1"]
[SourceVersionDate "2008.07.14"]
[SourceQuality "2"]

1. e4 c5 2. Nf3 e6 3. d4 cxd4 4. Nxd4 a6 5. g3 Nf6 6. Bg2 Nc6 7. O-O Qc7 8. c4
h5 9. Nxc6 dxc6 10. h3 Bc5 11. Kh1 Ng4 12. Qf3 e5 13. Kg1 Nxf2 14. Rxf2 Bxf2+
15. Qxf2 Be6 16. Bf1 O-O 17. Nc3 f5 18. Qe2 f4 19. gxf4 exf4 20. Qf3 Rad8 21.
b3 Rd7 22. Ne2 g5 23. Qxh5 Rg7 24. Bb2 f3 25. Bxg7 Qxg7 26. Rd1 fxe2 27. Qxe2
g4 28. Qg2 Rf3 29. Rd8+ Kh7 30. hxg4 Bxg4 31. Be2 Rf4 32. Qh2+ Bh3+ 33. Kh1 Rh4
34. Bf3 Bg2+ 35. Bxg2 Rxh2+ 36. Kxh2 Qc7+ 0-1